000 01394cam a22003977a 4500
001 000090325
003 CHAP
005 20220329142722.0
008 030129d2002 mx r 00110 spa d
010 _a86794
011 _a87766
035 _a98310
040 _cCHAP
090 _aTesis
100 0 0 _aDurán Aguilar, María Teresa de Jesús.
_934663
245 1 3 _aEl vinculo Gestión académica con micro-clima institucional /
_c/por María Teresa de Jesús Durán Aguilar.
260 _aChapingo, Méx. :
_bEl autor,
_c2002.
300 _a131 h.
502 _aTesis (Maestro en Procesos Educativos) -- UACH. División de Ciencias Económico-Administrativas
590 _aALEPH
_b10
_c20130110
_lUCH01
_h1451
590 _aBATCH-UPD
_b10
_c20130110
_lUCH01
_h0808
590 _aBATCH-UPD
_b10
_c20130410
_lUCH01
_h0445
590 _aBATCH-UPD
_b10
_c20130914
_lUCH01
_h1207
590 _aCONVERSION
_b10
_c20130109
_lUCH01
_h1348
590 _aE11695DGD
_b10
_c20170209
_lUCH01
_h1426
650 1 4 _aDirigentes.
_932700
650 1 4 _aEducación superior
_xEvaluación.
_935633
650 1 4 _aSociología educativa.
_9108211
650 1 4 _aUACH
_xAdministración.
_9115801
901 _aBK
905 _aMayto Villalobos S.
942 _cFOLL
942 _n0
949 _aTesis
_bBC
_cTES
_d33724000883328
_eTS2
_fc.2
_h40380
_i98310
_sb
949 _aTesis
_bBC
_cTES
_d98310123
_eTS1
_h40379
_i98310
_sb
999 _c86794
_d86794